Practical Manual of Community Pharmacy and Management (Record no. 11721)
[ view plain ]
| 000 -LEADER | |
|---|---|
| fixed length control field | 00487nam a22001817a 4500 |
| 003 - CONTROL NUMBER IDENTIFIER | |
| control field | OSt |
| 008 - FIXED-LENGTH DATA ELEMENTS--GENERAL INFORMATION | |
| fixed length control field | 230118b ||||| |||| 00| 0 eng d |
| 020 ## - INTERNATIONAL STANDARD BOOK NUMBER | |
| International Standard Book Number | 9789354516634 |
| 082 ## - DEWEY DECIMAL CLASSIFICATION NUMBER | |
| Classification number | 615.1 GUP |
| 100 ## - MAIN ENTRY--PERSONAL NAME | |
| Personal name | GUPTA,G.D |
| 245 ## - TITLE STATEMENT | |
| Title | Practical Manual of Community Pharmacy and Management |
| 250 ## - EDITION STATEMENT | |
| Edition statement | ed |
| 260 ## - PUBLICATION, DISTRIBUTION, ETC. (IMPRINT) | |
| Place of publication, distribution, etc | New delhi |
| Name of publisher, distributor, etc | Nirali Prakashan |
| Date of publication, distribution, etc | 2022 |
| 300 ## - PHYSICAL DESCRIPTION | |
| Extent | 122 |
| 650 ## - SUBJECT ADDED ENTRY--TOPICAL TERM | |
| Topical term or geographic name as entry element | Community Pharmacy and Management |
| 700 ## - ADDED ENTRY--PERSONAL NAME | |
| Personal name | SHARMA,Shailesh and GUPTA,Richa |
| 942 ## - ADDED ENTRY ELEMENTS (KOHA) | |
| Source of classification or shelving scheme | Dewey Decimal Classification |
| Koha item type | Text Books |
| Withdrawn status | Lost status | Source of classification or shelving scheme | Damaged status | Not for loan | Collection code | Home library | Current library | Date acquired | Source of acquisition | Currency | Cost, normal purchase price | Bill Number | Total Checkouts | Full call number | Acc. no. / Barcode | Date last seen | Date last borrowed | Actual Cost, discounted price | Bill Date | Koha item type | Checked out |
|---|---|---|---|---|---|---|---|---|---|---|---|---|---|---|---|---|---|---|---|---|---|
| Dewey Decimal Classification | B.Pharma | PIET C-LIBRARY | PIET C-LIBRARY | 13/01/2023 | International Book Centre | In Rupees | 160.00 | IB/IN/993 | 3 | 615.4 GUP | BP1971 | 23/01/2024 | 23/01/2024 | 136.00 | 13/01/2023 | Reference Books | |||||
| Dewey Decimal Classification | Diploma in Pharmacy | PIET C-LIBRARY | PIET C-LIBRARY | 29/01/2024 | ZAFAA BOOKS | RUPEES | 160.00 | ZBDO337 | 615.1 GUP | DP1332 | 31/01/2024 | 123.20 | 20/01/2024 | Reference Books | |||||||
| Dewey Decimal Classification | Diploma in Pharmacy | PIET C-LIBRARY | PIET C-LIBRARY | 29/01/2024 | ZAFAA BOOKS | RUPEES | 160.00 | ZBDO337 | 1 | 615.1 GUP | DP1333 | 04/09/2025 | 27/08/2025 | 123.20 | 20/01/2024 | Text Books | |||||
| Dewey Decimal Classification | Diploma in Pharmacy | PIET C-LIBRARY | PIET C-LIBRARY | 29/01/2024 | ZAFAA BOOKS | RUPEES | 160.00 | ZBDO337 | 2 | 615.1 GUP | DP1334 | 20/05/2026 | 21/04/2026 | 123.20 | 20/01/2024 | Text Books | |||||
| Dewey Decimal Classification | Diploma in Pharmacy | PIET C-LIBRARY | PIET C-LIBRARY | 29/01/2024 | ZAFAA BOOKS | RUPEES | 160.00 | ZBDO337 | 2 | 615.1 GUP | DP1335 | 01/05/2026 | 21/04/2026 | 123.20 | 20/01/2024 | Text Books | |||||
| Dewey Decimal Classification | Diploma in Pharmacy | PIET C-LIBRARY | PIET C-LIBRARY | 29/01/2024 | ZAFAA BOOKS | RUPEES | 160.00 | ZBDO337 | 1 | 615.1 GUP | DP1336 | 21/08/2025 | 21/08/2025 | 123.20 | 20/01/2024 | Text Books | 09/03/2026 |